Statistiche per Imperatori Romani

Clicka qui per fare il quiz!

Statistiche generali

  • Questo quiz è stato fatto 42 volte
  • Il punteggio medio è 11 su 15

Statistiche sulle risposte

DomandaRisposta% Corretto
Viene incolpato di un celebre incendioNerone
100%
Filosofo, scrittore e imperatoreMarco Aurelio
97%
Primo imperatore romanoAugusto
92%
Ultimo imperatore d'occidenteRomolo Augusto
89%
Ultimo imperatore della dinastia FlaviaDomiziano
86%
Sottomette i Daci, i Parti e gli ArabiTraiano
84%
Progettarono, inaugurarono, ampliarono il ColosseoVespasiano, Tito, Domiziano
84%
Uccide il fratello GetaCaracalla
70%
Terzo imperatore della dinastia SeveraEliogabalo
65%
Fa costruire imponenti opere pubblicheTraiano
65%
Conquistatore della BritanniaClaudio
62%
Ultimo imperatore paganoGiuliano
62%
Sale al potere in un periodo di grave anarchia militareCostantino
54%
Combattono rispettivamente con tre, quattro e cinque rivali alla porpora imperialeVespasiano, Settimio Severo, Costantino
54%
Celebre storico romanoCassio Dione
49%

Distribuzione punteggi

Percentile per numero di risposta

Percentuale di utenti per punteggio

I tuoi punteggi nel tempo

Non hai fatto questo quiz